| 000 | 01153nam a2200253Ia 4500 | ||
|---|---|---|---|
| 999 |
_c54069 _d54069 |
||
| 001 | 21122 | ||
| 003 | GE_BSU | ||
| 005 | 20250725123735.0 | ||
| 008 | 181216s2017||||ge |||||||||||||| ||geo|| | ||
| 020 | _a9789941247194 | ||
| 040 | _cGE_BSU | ||
| 041 | _ageo | ||
| 080 | _a27-36 | ||
| 245 |
_a Ⴇვენი. [ტ.] 19, 1 ივლისი - 10 ივლისი / _cპროექტის ავტორი და რედაქტორი თამარ მამაცაშვილი ; შემდგენელი მანანა ტუაევა ; დიზაინერი რატი თორდია. |
||
| 264 |
_aთბილისი : _bპალიტრა L, _c2017. |
||
| 300 |
_a310 გვ ; _c21 სმ. |
||
| 490 | _aჟურნალ "კარიბჭის" ბიბლიოთეკა | ||
| 541 | _h6 ლ. | ||
| 653 | _aთვენი. 1 ივლისი -10 ივლისი. | ||
| 653 | _aრელიგია | ||
| 653 | _aმართლმადიდებლური ეკლესია | ||
| 653 | _a წმინდანთა ცხოვრება | ||
| 942 |
_cBK _2udc |
||